|
|
|
|
| LEADER |
00000nam a2200000Ii 4500 |
| 001 |
DIGUCAUCA0087 |
| 003 |
NyNyDIG |
| 006 |
m o d |
| 007 |
cr ||||||||||| |
| 008 |
220502s2021 ck a ob 000 0 spa d |
| 035 |
|
|
|a (OCoLC)1301904932
|
| 040 |
|
|
|a DGITA
|b eng
|e rda
|e pn
|c DGITA
|
| 020 |
|
|
|a 9789587324815
|q eBook
|q pdf
|
| 041 |
0 |
|
|a s-ck---
|
| 020 |
|
|
|z 9789587324808
|
| 050 |
1 |
4 |
|a PM6736 ebook
|
| 082 |
0 |
4 |
|a 498.2
|
| 100 |
1 |
|
|a Orozco Álvarez, Marisol,
|e author.
|
| 245 |
1 |
0 |
|a Cultura escrita de la lengua nasa yuwe /
|c Marisol Orozco-Álvarez.
|
| 250 |
|
|
|a Primera edición en español.
|
| 264 |
|
1 |
|a Popayán, Colombia :
|b editorial UC, Editorial Universidad del Cauca,
|c 2021.
|
| 300 |
|
|
|a 1 online resource :
|b illustrations.
|
| 336 |
|
|
|a text
|b txt
|2 rdacontent
|
| 337 |
|
|
|a computer
|b c
|2 rdamedia
|
| 338 |
|
|
|a online resource
|b cr
|2 rdacarrier
|
| 347 |
|
|
|a text file
|2 rdaft
|
| 347 |
|
|
|b PDF
|
| 500 |
|
|
|a "Convocatoria 2018 investigación".
|
| 504 |
|
|
|a Includes bibliographical references.
|
| 588 |
0 |
|
|a Online resource; title from PDF title page (Digitalia, viewed May 2, 2022)
|
| 650 |
|
0 |
|a Paez language
|x Grammar.
|
| 650 |
|
0 |
|a Indians of South America
|z Colombia
|z Cauca (Department)
|x Languages.
|
| 655 |
|
0 |
|a Electronic books.
|
| 791 |
2 |
|
|a Digitalia (Firm),
|e distributor.
|
| 793 |
0 |
|
|g Digitalia eBook Collection:
|a Editorial Universidad del Cauca
|
| 776 |
0 |
8 |
|i Print version:
|a Orozco Álvarez, Marisol.
|t Cultura escrita de la lengua nasa yuwe.
|b Primera edición en español.
|d Popayán, Colombia : editorial UC, Editorial Universidad del Cauca, 2021
|z 9789587324808
|
| 856 |
4 |
0 |
|3 Digitalia Hispánica
|u https://www.digitaliapublishing.com/a/111237/
|
| 910 |
|
|
|a Premium collection: 2022
|